000 00651nam a2200265Ia 4500
005 20260306164304.0
008 008 260114s9999 xx 000 0 eng d
020 _a9781447341970
037 _aEBOOK
040 _aCRL
040 _beng
040 _cCRL
041 _2eng
041 _aeng
084 _qCRL
100 _aPopple, Prescott, Mutibwa
_91130361
245 0 _aCommunities, Archives And New Collaborative Practices
260 _bThe Policy Press
260 _c2020
650 _aEconomics & Finance
856 _uhttps://academic.oup.com/book/34200
942 _cEBOOK
999 _c1713522
_d1713522